header

Information ethics (Record no. 139281)

MARC details
000 -LEADER
fixed length control field 01245nam a2200313Ia 4500
082 04 - DEWEY DECIMAL CLASSIFICATION NUMBER
Classification number 363.31
245 00 - TITLE STATEMENT
Title Information ethics
260 ## - PUBLICATION, DISTRIBUTION, ETC. (IMPRINT)
Place of publication Bradford :
Name of publisher Emerald,
Year of publication 2007.
300 ## - PHYSICAL DESCRIPTION
Number of Pages 164 p. :
Other physical details ill.
490 1# - SERIES STATEMENT
Series statement Library hi tech,
650 #0 - SUBJECT ADDED ENTRY--TOPICAL TERM
Topical Term Information society
Topical Term Knowledge workers
700 1# - ADDED ENTRY--PERSONAL NAME
Personal name Himma, Kenneth Einar.
856 40 - ELECTRONIC LOCATION AND ACCESS
Uniform Resource Identifier http://site.ebrary.com/lib/rucke/Doc?id=10172259

No items available.

© 2026 Rongo University
Contact us: librarian | system librarian | Rongo university